[Event "EU-ch 4th"]
[Site "Istanbul"]
[Date "2003.06.07"]
[Round "8"]
[White "Aleksandrov, Aleksej"]
[Black "Malakhov, Vladimir"]
[Result "1/2-1/2"]
[WhiteElo "2650"]
[BlackElo "2672"]
[Annotator "Roiz,M"]
[PlyCount "80"]
[EventDate "2003.05.30"]
[EventType "swiss"]
[EventRounds "13"]
[EventCountry "TUR"]
[SourceTitle "CBM 096"]
[Source "ChessBase"]
[SourceDate "2003.09.25"]
[SourceVersion "1"]
[SourceVersionDate "2003.09.25"]
[SourceQuality "1"]

1. d4 d5 2. c4 c6 3. Nf3 e6 4. e3 f5 5. Bd3 Nf6 6. O-O Bd6 7. b3 Qe7 8. Bb2 b6
{Vladimir Malakhov is one of the best specialists in that system.} 9. Qc1 {
[%cal Gb2a3] The most popular plan for white-he wants to change the
dark-squared bishops by 10.Ba3} ({The alternatives are:} 9. Nc3 Ne4 10. Rc1 Bb7
11. Ne5 O-O 12. cxd5 exd5 13. Ne2 Bxe5 14. dxe5 Nd7 15. f4 c5 16. Ng3 Rad8 17.
Nxe4 fxe4 18. Bb5 $36 {1-0 Tkachiev,V-Tregubov,P/Cap d'Agde-A 2000}) (9. cxd5
cxd5 10. Qc1 Bb7 11. Ba3 Nbd7 12. Qb2 Bxa3 13. Nxa3 O-O 14. Rac1 Rfc8 15. Nb5 {
1/2-1/2 Onischuk,A-Grischuk,A/RUS-chT Tomsk 2001}) 9... O-O {Black is planning
to finish the development by Bb7 and Nbd7 or even Na6.The standard reaction to
Ba3 may be c6-c5.} 10. Ba3 c5 ({Another common continuation is:} 10... Bb7 11.
Bxd6 Qxd6 12. Qa3 (12. cxd5 cxd5 13. Qa3 Qxa3 14. Nxa3 a6 15. Rfc1 Nc6 {
1/2-1/2 Utemov,V-Kramnik,V/Moscow4 1991}) 12... c5 13. Nbd2 (13. cxd5 Nxd5 14.
dxc5 bxc5 15. Be2 f4 16. e4 Nb4 $132 {0-1 Yakovich,Y-Kharlov,A/RUS-ch 54th
Elista 2001}) 13... Na6 14. Rad1 Nb4 15. Bb1 a5 $11 {0-1 Peng,Z-Galkin,A/
Hoogeveen Essent op 2001}) 11. cxd5 Nxd5 $146 {That move is an improvement of
black's previous play.} (11... exd5 $6 12. Nc3 Ba6 13. dxc5 Bxc5 14. Bxc5 bxc5
15. Rd1 $16 {[%csl Rd5,Rf5] 1-0 Kasimdzhanov,R-Slobodjan,R/Bundesliga 0001 2000
}) 12. dxc5 bxc5 13. Nc3 $1 {[%csl Yd5][%cal Yc3d5,Gc3b5] White should play
very energetically-otherwise black may finish his development and defend on
his weak pawn c5.} (13. Nbd2 Nd7 14. Nc4 Bc7 15. Rd1 Bb7 16. Bb2 Rad8 $11 {
[%csl Gb7,Gc7]}) 13... Nd7 (13... Bb7 14. Nb5 Nb4 15. Be2 $14) (13... Nb4 14.
Be2 $1 (14. Bc4 Nd7 15. Rd1 Nb6 16. Be2 Bb7 $11) 14... Nd7 15. Rd1 Bb7 16. Qd2
Nd5 17. Ba6 $1 Bc6 18. Nb5 $36) 14. Nxd5 exd5 15. Qc2 Bb7 $6 {That sacrifice
is not correct.} (15... g6 $5 16. Rac1 Bb7 17. Bb2 Rac8 18. Rfd1 Nf6 $14 {
White is slighty better due to some weakness of the long diagonal,but black
still very solid.}) 16. Bxf5 Ne5 17. Nd2 $6 {It was possible to take a second
pawn.} (17. Nxe5 Qxe5 18. Bxh7+ Kh8 19. g3 d4 (19... Rae8 20. Rae1 Qf6 {
[%cal Gf6f3]} 21. Bg6 Re6 22. Bh5) (19... Rf3 20. Bd3 d4 21. e4 {[%cal Ga1e1]})
20. Rae1 Qd5 (20... Qh5 21. Be4) 21. e4 Qc6 22. Bg6 Bxg3 23. hxg3 Qxg6 24. Kg2
$1 $16 {[%cal Gf2f3]}) 17... g6 18. Bh3 (18. Bd3 $2 Ng4 $40) 18... Ba6 19. f4
$8 {The only move.White must give an exchange-the threats are too serious.} (
19. Rfd1 $2 Rxf2 $1 $17 {[%cal Ge5d3]}) 19... Bxf1 20. Nxf1 Nd7 21. Rd1 {
White is still better-black's pawns in the centre are very weak and black has
no time to consolidate his position.} Nf6 (21... Nb6 22. Bb2 Rae8 23. g3 $1 $16
{[%csl Rg8][%cal Gc2c3]} (23. Qc3 d4 24. exd4 Rxf4 $13)) 22. g4 $6 {After that
move the position of Kg1 is not safe.Better was to create pressure without
such a provocative decisions.} (22. Bb2 $142 d4 (22... Rad8 23. Bxf6 Qxf6 24.
Rxd5 $16 {[%csl Rd6,Ge3,Gf4]}) 23. exd4 cxd4 24. Bxd4 Rae8 (24... Bxf4 25. Bc5
Qc7 26. Qc4+ Kh8 27. Bxf8 Qxc4 28. bxc4 Rxf8 29. c5 $16) 25. g3 {White has 2
pawns for an exchange.The position of Kg8 is not safe,so white has good
chanses for a win.}) 22... d4 {A natural reaction to the last white's move.} (
22... Qe6 $5 23. Bb2 Ne4 (23... Rad8 $5 24. Bxf6 $140 Rxf6 25. g5 Qxh3 26. gxf6
{[%cal Gc2g2]} Qe6 {[%csl Rg1][%cal Gd5d4] and black is not worse.}) 24. Qd3 d4
25. f5 (25. exd4 Rxf4 26. Re1 (26. g5 Qd5 {[%csl Rg5][%cal Gd5g5]} 27. Bg2 Qxg5
28. Bc1 (28. Ng3 $2 Nf2 $1 29. Qc4+ Rf7 $17) 28... Raf8 29. Bxf4 (29. Ng3 Nf2
$1 30. Qc4+ Kg7 $36) 29... Rxf4 $15)) 25... gxf5 26. gxf5 Rxf5 27. Bxf5 Qxf5
28. Rd2 $8 Kh8 $8 {[%cal Ga8g8]} 29. Rg2 Rg8 $1 30. Qc2 Rxg2+ 31. Qxg2 Be5 $11)
23. Qc4+ (23. exd4 cxd4 24. Qc4+ Kh8 25. Bxd6 Qxd6 26. Rxd4 (26. Qxd4 Qxd4+ 27.
Rxd4 Rad8 28. Ra4 Rf7 {[%cal Gf6d5]}) 26... Qb6 $132 {[%cal Ga8c8]}) 23... Kh8
24. Bb2 (24. g5 $6 Nh5 {[%csl Rf4][%cal Gh5g7,Yh5f4]}) (24. exd4 cxd4 {-23.exd4
}) 24... Rad8 $1 25. b4 $1 (25. exd4 $2 Bxf4 26. d5 Be5 $17) 25... h6 $1 (25...
dxe3 $2 26. g5 $1 e2 27. gxf6 exf1=Q+ 28. Kxf1 $16) 26. bxc5 Bxc5 27. Bxd4 $1 {
The position is very complicated and every mistake can lead to the hard
position.} (27. exd4 $2 Ba3 $1 28. Ba1 Nd5 $17) 27... Bxd4 28. Rxd4 Rxd4 29.
Qxd4 Rd8 30. Qb2 Kh7 {White has a small material advantage,but actually he
cannot do much in this position due to the weakness of his king.} 31. Qe2 {
[%cal Gh3g2] Trying to regroup the pieces.} Qe6 {[%csl Rg4][%cal Ye6g4]} (31...
Rd6 $5 32. Bg2 Re6 {[%csl Re4]}) 32. Qg2 g5 $1 {Fixing a pawn on g4.} 33. Qc2+
Qe4 34. Qc5 (34. Qb3 Qd5 35. Qc3 Ne4 $132) (34. Qc3 Qe7 35. Ng3 gxf4 36. exf4
Qd6 $132 {[%csl Rf4]}) 34... gxf4 35. g5 {[%cal Gh3f5]} Nd5 36. exf4 Qxf4 37.
Qxa7+ Kg6 38. gxh6 Kxh6 {There are not much material on the board,so the draw
is not preventable.} 39. Bg2 Nf6 40. a4 Qd4+ {[%mdl 3072]} 1/2-1/2

[Event "RUS-ch qual 57th"]
[Site "Tomsk"]
[Date "2004.05.29"]
[Round "7"]
[White "Ulybin, Mikhail"]
[Black "Yudin, Sergei"]
[Result "1-0"]
[WhiteElo "2579"]
[BlackElo "2425"]
[Annotator "Roiz,M"]
[PlyCount "84"]
[EventDate "2004.05.23"]
[EventType "swiss"]
[EventRounds "9"]
[EventCountry "RUS"]
[SourceTitle "CBM 102"]
[Source "ChessBase"]
[SourceDate "2004.09.23"]
[SourceVersion "1"]
[SourceVersionDate "2004.09.23"]
[SourceQuality "1"]

1. d4 d5 2. c4 e6 3. Nf3 c6 4. e3 Bd6 5. Bd3 f5 6. O-O Nf6 7. b3 Qe7 {Like in
the Stone-Wall system,the exchange of the dark-squared bishops is in white's
favour.} 8. Bb2 ({An attempt to swap the bishops immediately doesn't promise
much,as white weakens an important spot on b4:} 8. a4 a5 9. Ba3 Bxa3 10. Nxa3
O-O 11. Qb1 Ne4 12. Qb2 b6 13. Rac1 Bb7 14. Ne5 Nd7 15. Nxd7 Qxd7 16. Rc2 Qe7
17. Rfc1 Ba6 18. f3 Nf6 $11 {0-1 Ilincic,Z-Tregubov,P/Herceg Novi 2001/CBM 82
ext (39)}) 8... O-O 9. Qc1 b6 10. Ba3 Bb7 {That is the most popular
continuation nowdays. Black completes the development and prepares for freeing
by c6-c5.} ({The practice shows,that white has a good chances of getting
advantage after:} 10... c5 11. cxd5 Nxd5 12. dxc5 bxc5 13. Nc3 {-see my
comments to1/2-1/2 Aleksandrov,A-Malakhov,V/Istanbul 2003/CBM 96/[Roiz,M] (40)}
) (10... Bxa3 11. Qxa3 Qxa3 12. Nxa3 Ba6 13. Rfc1 Nbd7 14. b4 Rfc8 15. b5 cxb5
16. cxd5 Nxd5 17. Nxb5 $14 {1-0 Malakhov,V-Gleizerov,E/Krasnoyarsk 2003/CBM 98
no vc (59)}) 11. Bxd6 Qxd6 12. Qa3 {The most principal-white is forcing black
to play 13...c6-c5,which would create him some weakness.} ({Nothing promising:
} 12. cxd5 cxd5 13. Qa3 Qxa3 14. Nxa3 a6 15. Rfc1 (15. Ne5 Nfd7 16. Nxd7 Nxd7
17. Rac1 Rac8 18. Nb1 Kf7 19. Nd2 Ke7 $11 {1/2-1/2 Popov,V-Geller,J/Voronezh
RUS 2004 (45)}) 15... Nc6 {1/2-1/2 Utemov,V-Kramnik,V/Moscow4 1991}) 12... c5
13. Nc3 $146 {In that type of structure the knight is better placed on c3 than
on d2,so that move looks very logical. On the other hand,now the Bb7 become
more powerful,as on d2 white's knight could be more useful for defence.} (13.
Nbd2 Na6 14. Rad1 Nb4 15. Bb1 a5 $11 {0-1 Peng,Z-Galkin,A/Hoogeveen Essent op
2001}) (13. cxd5 Nxd5 14. dxc5 bxc5 15. Be2 f4 16. e4 Nb4 $132 {0-1 Yakovich,
Y-Kharlov,A/RUS-ch 54th Elista 2001}) 13... Nc6 {That is the most perspective
way for the knight,as it puts pressure on the centre and can be comfortably
placed on b4.} (13... dxc4 14. Bxc4 Bxf3 15. gxf3 Nbd7 16. dxc5 bxc5 17. Rfd1
$14) (13... Ne4 14. Rac1 Nd7 15. Rfd1 $14) ({Comes to consideration also:} 
13... Nbd7 $5 14. Rac1 Rfd8 15. Rfd1 Qe7) 14. dxc5 ({Black gets an active
piece play after} 14. cxd5 Nxd5 (14... Nb4 $5 15. Nb5 Qd8) 15. dxc5 (15. Nxd5
exd5 16. Rfd1 Nb4 $132) 15... bxc5 16. Rac1 (16. Nb5 Qe7 {-14.dxc5.}) 16...
Nxe3 $1 17. fxe3 Qxd3 18. Qxc5 Rad8 19. Rfd1 Qa6 $132) 14... bxc5 15. Nb5 Qe7
16. cxd5 Nxd5 ({Deserved attention also:} 16... exd5 $5 17. Bxf5 Ne4 18. Bxe4
$8 dxe4 19. Nd2 Ne5 $44 {and black's attacking chances cannot be understated.})
17. Qb2 f4 {Black's intent to complicate the position is quite logical,as
white has not consolidated his position yet.} (17... Rad8 $5 18. Bc4 Nb6 19.
Be2 e5 $11) 18. Rae1 ({An attempt to close the diagonal:} 18. e4 Ndb4 19. Bc4 {
allows black to put pressure on Pe4:} Na5 20. Qe2 Rfd8 $132) 18... Rad8 {
Now both white's rook are on the kside,so black exploits that in order to
seize the open file.} 19. Bc4 (19. Qc2 $5 g6 $1 (19... h6 20. a3 $14) 20. Bc4
fxe3 21. fxe3 Ndb4 22. Qe2 Na5 $13) 19... Nb6 20. Na3 (20. Qc3 $6 Nxc4 21. Qxc4
Na5 22. Qe2 fxe3 23. fxe3 Ba6 $36 {[%csl Rb5]}) 20... Nb4 $1 {[%csl Gb4,Rd3]
[%cal Gb4d3] Black is playing very energetically and doesn't letting white to
put pressure on his weak pawns.} 21. Qe2 (21. Ne5 $2 f3 22. g3 Qf6 $36) 21...
Nxc4 {The most natural continuation-black gets control on ''d3'' spot.} (21...
Be4 22. exf4 $1 (22. Ne5 $6 Qg5 $1 23. Bxe6+ Kh8 24. Nf3 Qh6 $36) 22... Rxf4 (
22... Nxc4 $6 23. Qxe4 Nxa3 24. Ng5 g6 25. Qxe6+ Qxe6 26. Nxe6 $14) 23. Ne5
$132) (21... fxe3 22. fxe3 Be4 23. Ne5 N6d5 24. Qg4 Bf5 25. Qg3 $11) 22. Nxc4 {
Finally white's knight has arrived to a safe place. Now black's position looks
very promising,but he hardly has a way to reach an advantage.} Be4 (22... Bxf3
23. gxf3 (23. Qxf3 Nc2 24. exf4 Nxe1 25. Rxe1 $44) 23... Nd5 24. Rc1 $132) 23.
Nce5 Nd3 24. Rd1 Nxe5 25. Nxe5 Bxg2 {That leads only to a simplifications,but
i can hardly recommend something better.} (25... Qg5 26. Nf3 Bxf3 27. Qxf3 fxe3
28. Qxe3 Qxe3 29. fxe3 Rxf1+ 30. Rxf1 Rd2 31. Rf2 $11) 26. Kxg2 {As we see,
white's next several moves are forced,but he keeps an equality!} Rxd1 (26...
Qg5+ 27. Qg4 f3+ (27... Qxe5 28. Rxd8 Rxd8 29. Qxf4 $11) 28. Kh1 Qxe5 29. Rxd8
Rxd8 30. Qxf3 $11) 27. Qxd1 Qg5+ 28. Ng4 h5 (28... f3+ 29. Kh3 h5 30. Rg1 hxg4+
31. Rxg4 Qh5+ 32. Rh4 Qf5+ 33. Rg4 $11 Rf6 $140 $6 34. Qd8+ Kh7 35. Qc7 Rg6 36.
Qf4 $14) 29. h4 $1 {After that strong move black couldn't avoid a trade of
queens anymore.} ({Only not} 29. h3 $2 f3+ 30. Kg3 $4 (30. Kh2 $142 hxg4 31.
Qd6 Qh6 32. Qg3 $17) 30... hxg4 31. hxg4 Qe5+ 32. Kh3 g5 33. Rh1 Qc7 $19 {
[%cal Gf8f6] with a mate.}) 29... Qg6 (29... f3+ $6 30. Qxf3 Qxh4 31. Qg3 Qxg4
32. Qxg4 hxg4 33. Kg3 $14) (29... Qxg4+ $6 30. Qxg4 hxg4 31. exf4 Rxf4 32. Rc1
Rf5 33. Rc4 $14) 30. Kh3 hxg4+ 31. Qxg4 Qxg4+ 32. Kxg4 fxe3 33. f3 $11 {
White's monarch is very active,while all black's pawns can be attacked by
white's rook-so the draw is practically unavoidable.} (33. f4 $2 e5 34. f5 g6
35. f6 Rxf6 $1 $17) 33... Rd8 (33... c4 34. bxc4 (34. Re1 $2 c3 35. Rxe3 Rc8
$17) 34... Rc8 35. Re1 Rxc4+ 36. Kg5 Rc3 37. Kf4 Ra3 38. Rxe3 Rxa2 39. Rxe6 $11
) 34. Re1 Rd3 35. Kf4 Kf7 {Black goes for a drawn endgame.} (35... Rd4+ 36. Kg5
Rd5+ $11) 36. Rxe3 Rxe3 37. Kxe3 Kg6 38. Kf4 Kh5 39. Kg3 e5 40. Kh3 a5 41. Kg3
a4 $4 {A terrible blunder! Black has probably forgot about the fact,that
white's king can stop black's passed Pc5.} ({Besides,the draw could arise by
several ways:} 41... g5 42. hxg5 Kxg5 43. Kf2 Kf4 44. Ke2 e4 45. fxe4 Kxe4 $11)
(41... g6 42. Kh3 a4 (42... g5 43. hxg5 Kxg5 44. Kg3 Kf5 $11) 43. bxa4 c4 44.
a5 c3 45. a6 c2 46. a7 c1=Q 47. a8=Q Qh1+ $11) 42. bxa4 $18 c4 (42... c4 43.
Kf2 c3 44. Ke2 $18) 1-0

[Event "EU-Cup 19th"]
[Site "Rethymno"]
[Date "2003.09.29"]
[Round "2.3"]
[White "Horvath, Jozsef"]
[Black "Zhigalko, Sergei"]
[Result "1/2-1/2"]
[WhiteElo "2519"]
[BlackElo "2399"]
[Annotator "Roiz,M"]
[PlyCount "59"]
[EventDate "2003.09.28"]
[EventType "team-swiss"]
[EventRounds "7"]
[EventCountry "GRE"]
[SourceTitle "CBM 098"]
[Source "ChessBase"]
[SourceDate "2004.02.03"]
[SourceVersion "1"]
[SourceVersionDate "2004.02.03"]
[SourceQuality "1"]
[WhiteTeam "Zalaegerszeg"]
[BlackTeam "Minsk Vesnianka"]
[WhiteTeamCountry "HUN"]
[BlackTeamCountry "BLR"]

{[%mdl 16400]} 1. c4 e6 2. Nf3 d5 3. d4 c6 4. e3 Bd6 {The idea of this move is
to force white to put his bishop on d3:after Be2 he can play a normal Meran
positions.} (4... f5 {can lead to the same positions.}) 5. Bd3 ({after} 5. Nc3
f5 {black gets a comfortable play.}) 5... f5 6. O-O Nf6 7. b3 Qe7 8. Bb2 O-O {
That position is very common in modern practice.} 9. Ne5 ({The most principal
here is:} 9. Qc1 {[%cal Gb2a3] trying to change the dark squared bishops.})
9... Nbd7 $6 {That is a strategical inaccuracy,since that doesn't allows black
to play b7-b6 and black still has a typical problems with development of Bc8.}
({Vladimir Malakhov is one of the best experts in this line.He has played here
the most logical} 9... b6 10. Nd2 (10. cxd5 cxd5 11. f3 Bb7 12. Nc3 a6 13. Rc1
Nc6 $11 {0-1 Bareev,E-Krasenkow,M/Groningen 1997/CBM 63 (31) [Krasenkow]}) (10.
a4 a5 11. Qe2 Bb7 12. cxd5 cxd5 13. Na3 Nc6 14. Nb5 Bb4 15. Rfc1 Rfc8 16. Nxc6
Bxc6 $11 {1-0 Banikas,H-Marcelin,C/France 2002/CBM 88 ext (48)}) 10... Bb7 11.
Rc1 Ne4 12. Qe2 (12. f3 Nxd2 13. Qxd2 Nd7 14. Nxd7 Qxd7 15. e4 fxe4 16. fxe4
Rxf1+ 17. Rxf1 Rf8 $11 {1/2-1/2 Gurevich,M-Galkin,A/Hoogeveen 2001/CBM 84 ext 
(21)}) 12... Nxd2 $1 $146 {The simplest way to the equality.} (12... c5 {Postny
} 13. Rfd1 Nc6 14. Ndf3 $14 {1-0 Kharitonov,A-Tregubov,P/Novgorod 1997/CBM 60 
(37) [Tsesarsky]}) 13. Qxd2 Nd7 $11 {0-1 Iskusnyh,S-Malakhov,V/Ekaterinburg
2002/CBM 90/[Postny] (93)}) (9... Bd7 $6 10. Qc1 Rc8 11. Nd2 (11. Nc3 Ne4 12.
Bxe4 dxe4 13. f4 exf3 14. Nxf3 c5 15. Kh1 Nc6 16. Nb5 $14 {1-0 Bogdanovski,
V-Shurygin,S/Tivat 1995/EXT 2000 (30)}) 11... Ne4 12. f3 Nxd2 13. Qxd2 Be8 14.
e4 $14 {1/2-1/2 Kharitonov,A-Tregubov,P/Alushta 1994/CBM 41 (35)}) 10. Nd2 {
White has completed all the natural developing moves,but black is the side who
has to decide what to do now.} (10. f3 $6 c5 11. Nd2 b6 12. Qe2 Bb7 $11 {
1/2-1/2 Bogdanovski,V-Guliev,S/Pula 1997/CBM 57 ext (25)}) (10. Qc1 $5 Ng4 11.
f4 Ndf6 12. h3 Nh6 13. Ba3 $14 {1-0 Schroll,G-Bachler,R/Frohnleiten 2000/CBM
77 ext (51)}) 10... Ne4 {Actually,earlier or later black has to take on e5,so
that is the only possible way to do it.} 11. f3 {Now that move is much more
logical than on the previous move.} ({On the other hand,possibly was also:} 11.
a3 Rf6 12. f3 Nxd2 13. Qxd2 Rh6 14. g3 Nf6 15. b4 Qe8 16. Qe2 $14 {1-0
Ioseliani,N-Cirabisi,F/Montecatini Terme 1994/EXT 99 (33)}) 11... Nxd2 12. Qxd2
Nxe5 13. dxe5 Bc5 (13... Bb4 $5 14. Qc2 Bd7 $14) 14. Bd4 $14 {White's chanses
are clear better due to space advantage and good prospects for attack on the
king-side.} (14. f4 b6 15. cxd5 cxd5 16. Rac1 Bb7 17. Rc2 Rac8 18. Rfc1 g5 19.
Bd4 gxf4 20. Bxc5 bxc5 21. exf4 Rc7 22. Qf2 Rfc8 23. h3 $14 {1-0 Markosian,
D-Kovanova,B/Serpukhov 2002/EXT 2003 (41)}) 14... Ba3 {An interesting idea.
Black is trying to prevent c4-c5 and keep the bishops on the board.} (14... b6
15. Bxc5 Qxc5 (15... bxc5 16. Rac1 $14 {[%csl Rc5][%cal Gd2a5]}) 16. cxd5 cxd5
(16... Qxd5 17. Qc3 $14 {[%cal Gd3c4]}) 17. Rac1 Qe7 18. f4 $14) 15. Qc2 $1 {
[%cal Gc4c5]} b6 $6 {That allows white to start an immediate attack.} (15... c5
$142 16. Bc3 Bd7 17. Rad1 Rad8 $14 {and white has only a minimal advantage.})
16. cxd5 cxd5 17. g4 $1 g6 ({after} 17... Bd7 18. gxf5 exf5 19. f4 Rac8 20. Qg2
$16 {[%cal Gg1h1,Gf1f3,Gf3g3] black has no counterplay.}) 18. gxf5 gxf5 19. Kh1
Kh8 (19... Kf7 20. Qg2 Rg8 21. Qh3 $40 {[%cal Gf1g1]}) 20. Rg1 {[%cal Gd3f5]
Now black is forced to give up a pawn,since there is no normal defence against
21.Bxf5.} Bc5 21. Bxc5 bxc5 22. Rac1 c4 23. bxc4 dxc4 24. Qxc4 Bb7 {Black has
completed his development at cost in pawn.} 25. Be2 $2 {Too passively! White
missing a great opportunity of neutralizing black's counterplay at all.} ({
after} 25. Qf4 $1 Rad8 26. Bc4 Rd2 27. Rg3 Rfd8 28. Rcg1 $16 {black's king is
in danger and black is not able to create any visible counterplay.}) 25... Bd5
26. Qc7 {Leads to a force draw.} ({white's chanses are slighty better after} 
26. Qa4 Rab8 27. Rc2 Rg8 28. Rg3 $14 {because black has no sufficient
compensation for a pawn.}) 26... Qxc7 27. Rxc7 Rfc8 $1 {Changing white's
active rook.} 28. Rd7 (28. Rgg7 $6 Rxc7 29. Rxc7 Bxa2 $15) (28. Rxc8+ $6 Rxc8
$15 {[%cal Gc8c2]}) 28... Rc2 29. Rgg7 (29. Bd1 $6 Rd2 {[%csl Ra2,Rd7][%cal
Ga8b8,Ga8g8,Gd5f3] is dangerously for white.}) 29... Rxe2 30. Rxh7+ 1/2-1/2

[Event "USA-chT Amateur East"]
[Site "Parsippany"]
[Date "2001.02.19"]
[Round "5"]
[White "Seirawan, Yasser"]
[Black "Schneider, Dmitry"]
[Result "1/2-1/2"]
[WhiteElo "2640"]
[BlackElo "2473"]
[Annotator "Schneider,D"]
[PlyCount "76"]
[EventDate "2001.02.17"]
[EventType "team"]
[EventRounds "6"]
[EventCountry "USA"]
[SourceTitle "EXT 2002"]
[Source "ChessBase"]
[SourceDate "2001.11.25"]
[SourceVersion "1"]
[SourceVersionDate "2001.11.25"]
[SourceQuality "1"]

1. d4 {Table 7, Board 1: #6 chess.net vs. #29 Collins Kids Materas} d5 2. c4 e6
3. Nc3 c6 4. e3 Bd6 5. Bd3 f5 6. g4 Nh6 7. gxf5 O-O 8. Nge2 Nxf5 9. Ng3 Nh4 10.
f4 c5 11. dxc5 Bxc5 12. O-O Nc6 13. a3 a5 14. Qc2 e5 15. Nxd5 exf4 16. Nxf4 Ne5
17. Bxh7+ Kh8 18. Be4 Qg5 19. Kh1 Ra6 20. b4 axb4 21. axb4 Rxa1 22. bxc5 Bg4
23. Qc3 Ra6 24. Bb2 Bf3+ 25. Rxf3 Nhxf3 26. c6 Rxc6 27. Qb4 Rd8 28. Bxe5 Nxe5
29. Bxc6 bxc6 30. Qa5 Kh7 (30... Rd1+ 31. Kg2 Rg1+ 32. Kxg1 Nf3+) 31. Kg2 Nf3
32. Qxg5 Nxg5 33. Nf5 Rd2+ 34. Kg3 Rc2 35. Nd6 Kg8 36. Ng6 Nf7 37. Ne7+ Kf8 38.
Ng6+ Kg8 1/2-1/2

[Event "URS-ch U26"]
[Site "Minsk"]
[Date "1990.??.??"]
[Round "?"]
[White "Neverov, Valeriy"]
[Black "Minasian, Artashes"]
[Result "0-1"]
[WhiteElo "2505"]
[BlackElo "2480"]
[Annotator "Schussler,H"]
[PlyCount "78"]
[EventDate "1990.01.??"]
[EventType "tourn"]
[EventRounds "13"]
[EventCountry "URS"]
[EventCategory "10"]
[SourceTitle "CBM 017"]
[Source "ChessBase"]
[SourceDate "1990.08.01"]
[SourceVersion "1"]
[SourceVersionDate "1990.08.01"]
[SourceQuality "1"]

1. d4 d5 2. c4 e6 3. Nf3 c6 4. e3 f5 $5 {This variation has some logic as
White can no longer strengthen his grip on d5 by Bc1-f4.} 5. Bd3 Nf6 6. O-O Bd6
7. b3 Ne4 8. Ba3 Bxa3 9. Nxa3 Nd7 10. b4 a6 11. Nc2 O-O 12. a4 Rf6 13. Bxe4
fxe4 14. Nd2 e5 15. cxd5 cxd5 16. dxe5 {Ambitious but risky.} Nxe5 17. Nxe4 Rh6
18. f3 Be6 19. Nc5 {The knight goes in the wrong direction, leaving the king
alone.} Qh4 20. h3 Bxh3 21. Qxd5+ Kh8 22. Qxe5 Bxg2 23. Ne6 Rxe6 24. Qxe6 Qh1+
25. Kf2 Bxf1 26. Qg4 Qh2+ 27. Kxf1 Qxc2 28. Re1 Qxa4 29. Rc1 Rd8 30. Rc8 Qe8
31. Rxd8 Qxd8 32. e4 h6 33. Qe6 (33. e5 $5 Qd1+ 34. Kf2 Qd2+ 35. Kg3 Qg5 $5 36.
Qxg5 hxg5 37. Kg4 Kg8 $5 38. Kxg5 b6 39. Kf5 Kf7 40. f4 $10) 33... Qf6 34. Qc8+
Kh7 35. Kf2 Qd4+ 36. Kg2 Qd2+ 37. Kg3 Qd6+ 38. Kg2 Qc6 39. e5 $4 Qxc8 0-1

[Event "Bahrain"]
[Site "Bahrain"]
[Date "1990.??.??"]
[Round "6"]
[White "Abou el Zein, Eid Mahmoud"]
[Black "Nikolac, Juraj"]
[Result "1-0"]
[WhiteElo "2330"]
[BlackElo "2485"]
[Annotator "Schussler,H"]
[PlyCount "67"]
[EventDate "1990.??.??"]
[EventType "tourn"]
[EventRounds "11"]
[EventCountry "BAH"]
[EventCategory "7"]
[SourceTitle "CBM 020"]
[Source "ChessBase"]
[SourceDate "1991.02.01"]
[SourceVersion "1"]
[SourceVersionDate "1991.02.01"]
[SourceQuality "1"]

1. d4 d5 2. c4 e6 3. Nf3 c6 4. e3 f5 5. Bd3 Nf6 6. Ne5 Bd6 7. f4 O-O 8. O-O Bd7
9. b3 Qe7 10. Bb2 Be8 11. Nd2 Nbd7 12. Ndf3 Bh5 13. Qe1 Ne4 14. Nxd7 Qxd7 15.
Qh4 Qe8 16. Ne5 Be7 17. Qe1 g5 18. Bxe4 fxe4 19. Qg3 Be2 20. Rf2 Qh5 21. h4 h6
22. hxg5 hxg5 23. Qh3 Qxh3 24. gxh3 Bh5 25. Rg2 Rf5 26. h4 g4 27. Nxg4 Kh7 28.
Kh2 Rg8 29. Rag1 Bxh4 30. Ba3 Rg6 31. Bd6 Be1 32. Ne5 Rxg2+ 33. Kxg2 $10 Be2 $4
34. Rxe1 1-0